000 01887nam a2200277Ia 4500
999 _c47248
_d47248
001 14108
003 GE_BSU
005 20191223110643.0
008 181216s2008||||ge |||||||||||||| ||geo||
020 _a9789941409318
040 _cGE_BSU
041 _ageo
080 _a94(479.223) /ს-24
245 _aსამხრეთ-დასავლეთ საქართველოს ისტორიის ნარკვევები : აჭარა = Очерки истории Юго-Западной Грузии : Аджария : 4 ტომად :
_bტ. 3 : ბათუმის ოლქი-1877-1920 /
_cტომის ავტ.: აბელ სურგულაძე, ოთარ თურმანიძე, ალექსანდრე ბენდიანიშვილი [და სხვ.] ; ტომის რედ.: აბელ სურგულაძე, მალხაზ სიორიძე.
264 _aბათუმი :
_bშოთა რუსთაველის სახ. უნ–ტი,
_c2008.
300 _a602 გვ. ;
_b30 სმ.
501 _aძირითადი შემოკლებანი: გვ. 601.
504 _aბიბლიოგრ. ტექსტ. შენიშვნ..
653 _a აჭარის ისტორია
700 _a სურგულაძე, აბელ
_eავტორი
_95896
700 _a თურმანიძე, ოთარ
_eავტორი
_95897
700 _aბენდიანიშვილი, ალექსანდრე
_eავტორი
_95481
700 _aსიორიძე, მალხაზ და სხვ.
_95898
710 _aშოთა რუსთაველის სახელმწ. უნ-ტი
_b ნიკო ბერძენიშვილის ინ-ტი
_91821
942 _cBK
_2udc